Obálka
Pro půjčování e-knih musíte být přihlášeni.
Jak si půjčit online?

Matylda /

Matylda je kachna v nejlepších letech. Je zkušená a hodně pamatuje a vůbec ví mnoho užitečného. Zná nejlepší recept na salát z jarních kopřiv, ví, jak nejlíp snášet vejce a jak je předpisově vysedět. Vyzná se v pěstování okurek stejně dobře jako v komorní hudbě a stolním tenise. Neváhá omítnout chal...

Celý popis

Uloženo v:
Hlavní autor: Lamková, Hana (Autor)
Další autoři: Zázvorková, Stella (Autor)
Médium: E-audiokniha
Vydáno: Praha : Supraphon a.s., 2000
Tagy:
Žádné tagy
LEADER 01919nim a22003377i 4500
001 313288
007 sr nunnnnnnned
024 |a 099925521424 
044 |a xr 
100 1 |a  Lamková, Hana  |4 aut 
245 1 0 |a Matylda /  |c  Lamková, Hana 
264 1 |a Praha :  |b Supraphon a.s.,  |c 2000 
300 |a 1 online zdroj (1 hod., 18 min., 33 sek.) 
336 |a mluvené slovo  |b spw  |2 rdacontent 
337 |a audio  |b s  |2 rdamedia 
338 |a online zdroj  |b cr  |2 rdacarrier 
505 0 0 |t Uvod (1 min., 51 sek.) 
505 0 0 |t Jak se chytaji mysi (6 min., 49 sek.) 
505 0 0 |t Svatebni dar (11 min., 7 sek.) 
505 0 0 |t Husy na tahu (11 min., 12 sek.) 
505 0 0 |t Vytvarny talent (7 min., 38 sek.) 
505 0 0 |t Zajic bez bazne a hany (10 min., 47 sek.) 
505 0 0 |t Namluvy (8 min., 41 sek.) 
505 0 0 |t Nocni hlidka (9 min., 43 sek.) 
505 0 0 |t Za pokladem (10 min., 41 sek.) 
520 2 |a Matylda je kachna v nejlepších letech. Je zkušená a hodně pamatuje a vůbec ví mnoho užitečného. Zná nejlepší recept na salát z jarních kopřiv, ví, jak nejlíp snášet vejce a jak je předpisově vysedět. Vyzná se v pěstování okurek stejně dobře jako v komorní hudbě a stolním tenise. Neváhá omítnout chalupu, vyměnit pneumatiku nebo uháčkovat záclony. Stejně jako ve stejnojmenném televizním Večerníčku vypráví historky ze života této podivuhodné kachny Matyldy neodolatelně Stella Zázvorková. Zvuková nahrávka předchází o dva měsíce uvedení animované pohádky v televizi. 
700 1 |a  Zázvorková, Stella  |4 nrt 
910 |a RBIT002 
998 |d 402291  |a https://core.palmknihy.cz/api/books/402291/cover?sbf940  |b https://core.palmknihy.cz/api/books/402291/cover/400?sbf940  |c https://core.palmknihy.cz/api/books/402291/cover/50?sbf940  |e 2099-01-01  |i 099925521424  |l 4713  |q 49  |r 1  |s https://www.palmknihy.cz/kniha/402291  |t audiobook  |y 2000  |z 1 
999 |d 313286